<?xml version="1.0" encoding="UTF-8"?><?xml-stylesheet type="text/xsl" href="static/style.xsl"?><OAI-PMH xmlns="http://www.openarchives.org/OAI/2.0/" xmlns:xsi="http://www.w3.org/2001/XMLSchema-instance" xsi:schemaLocation="http://www.openarchives.org/OAI/2.0/ http://www.openarchives.org/OAI/2.0/OAI-PMH.xsd"><responseDate>2026-06-03T00:52:11Z</responseDate><request verb="GetRecord" identifier="oai:riuma.uma.es:10630/31220" metadataPrefix="marc">https://riuma.uma.es/rest/oai/request</request><GetRecord><record><header><identifier>oai:riuma.uma.es:10630/31220</identifier><datestamp>2026-02-03T11:13:44Z</datestamp><setSpec>com_10630_2254</setSpec><setSpec>col_10630_37953</setSpec></header><metadata><record xmlns="http://www.loc.gov/MARC21/slim" xmlns:dcterms="http://purl.org/dc/terms/" xmlns:doc="http://www.lyncode.com/xoai" xmlns:xsi="http://www.w3.org/2001/XMLSchema-instance" xsi:schemaLocation="http://www.loc.gov/MARC21/slim http://www.loc.gov/standards/marcxml/schema/MARC21slim.xsd">
   <leader>00925njm 22002777a 4500</leader>
   <datafield ind2=" " ind1=" " tag="042">
      <subfield code="a">dc</subfield>
   </datafield>
   <datafield ind2=" " ind1=" " tag="720">
      <subfield code="a">Ventura-Fernández, Rafael</subfield>
      <subfield code="e">author</subfield>
   </datafield>
   <datafield ind2=" " ind1=" " tag="720">
      <subfield code="a">Quero-Gervilla, María José</subfield>
      <subfield code="e">author</subfield>
   </datafield>
   <datafield ind2=" " ind1=" " tag="260">
      <subfield code="c">2013</subfield>
   </datafield>
   <datafield ind2=" " ind1=" " tag="520">
      <subfield code="a">El objetivo del presente trabajo de investigación es arrojar luz sobre los factores que explican la menor intencionalidad en la población femenina para involucrarse en procesos de creación de empresas. Para ello, se ha desarrollado un modelo de ecuaciones estructurales que identifica un conjunto de variables que permiten explicar la intención de emprender en la población potencialmente emprendedora. La validación del modelo se ha realizado mediante una encuesta realizada a 1222 estudiantes de 12 titulaciones diferentes de la Universidad de Málaga. La aplicación del modelo a las poblaciones masculina y femenina ha permitido apreciar diferencias significativas en los patrones de comportamiento en función del género, identificando un proceso más complejo y necesitado de apoyo externo en la población femenina con respecto a la masculina.</subfield>
   </datafield>
   <datafield ind1="8" ind2=" " tag="024">
      <subfield code="a">Ventura, R. y Quero, M.J. (2013), “Factores explicativos de la intención de emprender en la mujer. Aspectos diferenciales en la población universitaria según la variable género”, Cuadernos de Gestión, Vol. 13, pp.127-150.</subfield>
   </datafield>
   <datafield ind1="8" ind2=" " tag="024">
      <subfield code="a">https://hdl.handle.net/10630/31220</subfield>
   </datafield>
   <datafield ind1="8" ind2=" " tag="024">
      <subfield code="a">10.5295/cdg.100271rv</subfield>
   </datafield>
   <datafield tag="653" ind2=" " ind1=" ">
      <subfield code="a">Empresarias</subfield>
   </datafield>
   <datafield tag="653" ind2=" " ind1=" ">
      <subfield code="a">Emprendedores</subfield>
   </datafield>
   <datafield ind2="0" ind1="0" tag="245">
      <subfield code="a">Factores explicativos de la intención de emprender en la mujer. Aspectos diferenciales en la población universitaria según la variable género.</subfield>
   </datafield>
</record>
</metadata></record></GetRecord></OAI-PMH>